Los hechiceros del siglo XX
Sparad:
| Huvudupphovsman: | |
|---|---|
| Materialtyp: | Okänd |
| Språk: | Spanish |
| Publicerad: |
San José, Costa Rica
Ministerio de Cultura, Juventud y Deportes
1976
|
| Ämnen: | |
| Taggar: |
Lägg till en tagg
Inga taggar, Lägg till första taggen!
|
MARC
| LEADER | 000000000a22000000004500 | ||
|---|---|---|---|
| 001 | 002171 | ||
| 003 | CIICLA | ||
| 005 | 20171102100346.0 | ||
| 008 | 171102b xxu||||| |||| 00| 0 spa d | ||
| 041 | 0 | |a español | |
| 082 | 0 | 4 | |a 070 |b M828h |
| 100 | 1 | |a Morales Castro, Carlos |d 1947- | |
| 245 | 1 | 4 | |a Los hechiceros del siglo XX |
| 260 | |a San José, Costa Rica |b Ministerio de Cultura, Juventud y Deportes |c 1976 | ||
| 300 | |a 141 páginas | ||
| 500 | |a Número de inscripción 01507 | ||
| 650 | 4 | |a PERIODISMO | |
| 650 | 4 | |a LITERATURA COSTARRICENSE |9 76 | |
| 650 | 4 | |a ENSAYO | |
| 942 | |2 ddc |c BK | ||
| 999 | |c 3039 |d 3039 | ||
